[Event "AUT-chT U18 rapid"]
[Site "Vienna"]
[Date "2023.10.29"]
[Round "1.3"]
[White "Martinovic, David"]
[Black "Guba, Viktor"]
[Result "0-1"]
[WhiteElo "1888"]
[BlackElo "1711"]
[PlyCount "73"]
[EventDate "2023.10.29"]
[EventType "team-swiss"]
[EventRounds "7"]
[EventCountry "AUT"]
[SourceTitle "Mega2024 Update 01"]
[Source "Chessbase"]
[SourceDate "2023.11.12"]
[SourceVersion "1"]
[SourceVersionDate "2023.11.12"]
[SourceQuality "1"]
[WhiteTeam "Steiermark U18"]
[BlackTeam "Vorarlberg U18"]
[WhiteTeamCountry "AUT"]
[BlackTeamCountry "AUT"]

1. e4 c5 2. Nf3 Nc6 3. d4 cxd4 4. Nxd4 e6 5. Nc3 Qc7 6. Be3 a6 7. Qd2 Nf6 8. f3 Ne5 9. 0-0-0 Bb4 10. a3 Bxc3 11. Qxc3 Qxc3 12. bxc3 0-0 13. Bg5 Nc6 14. Bxf6 gxf6 15. Bc4 b5 16. Ba2 Ne5 17. Nb3 Nc4 18. Nc5 Nxa3 19. Kb2 Nc4+ 20. Bxc4 bxc4 21. Nxd7 Bxd7 22. Rxd7 Rfb8+ 23. Kc1 a5 24. Kd2 a4 25. Ra1 a3 26. Ke2 Rb2 27. Rd2 a2 28. Rdd1 Rxc2+ 29. Kf1 Rxc3 30. Rd2 Rca3 31. Rc2 c3 32. Ke2 Rb3 33. Kd3 Rb2 34. Rxc3 Rb1 35. Rc1 Rxc1 36. Rxc1 a1Q 37. Rc2 0-1

[Event "AUT-chT U18 rapid"]
[Site "Vienna"]
[Date "2023.10.29"]
[Round "3.3"]
[White "Vicze, Kata"]
[Black "Martinovic, David"]
[Result "1-0"]
[WhiteElo "1815"]
[BlackElo "1888"]
[PlyCount "89"]
[EventDate "2023.10.29"]
[EventType "team-swiss"]
[EventRounds "7"]
[EventCountry "AUT"]
[SourceTitle "Mega2024 Update 01"]
[Source "Chessbase"]
[SourceDate "2023.11.12"]
[SourceVersion "1"]
[SourceVersionDate "2023.11.12"]
[SourceQuality "1"]
[WhiteTeam "Burgenland U18"]
[BlackTeam "Steiermark U18"]
[WhiteTeamCountry "AUT"]
[BlackTeamCountry "AUT"]

1. e4 e5 2. Nf3 Nc6 3. d4 exd4 4. Bc4 Bc5 5. c3 Nf6 6. e5 d5 7. Bb5 Ne4 8. cxd4 Bb6 9. Nc3 0-0 10. Be3 Bg4 11. Qc2 Bf5 12. Qb3 a6 13. Bxc6 bxc6 14. 0-0 f6 15. exf6 Qxf6 16. Ne5 Rad8 17. Rac1 Rd6 18. Qa4 a5 19. Nxe4 Bxe4 20. Rxc6 Rxc6 21. Qxc6 Qxc6 22. Nxc6 Rf6 23. Rc1 Rg6 24. Ne7+ Kf7 25. Nxg6 Bxg6 26. f3 Ke7 27. Kf2 Kd7 28. h4 Bd3 29. g4 g6 30. h5 gxh5 31. gxh5 Bc4 32. a3 a4 33. f4 Ke6 34. Rg1 Bd3 35. Rg7 Kd6 36. Kg3 Kc6 37. Kg4 Kb5 38. f5 Be2+ 39. Kg5 Kc4 40. f6 Kd3 41. f7 Kxe3 42. f8Q Bxd4 43. Re7+ Kd3 44. Qf5+ Kd2 45. Qxd5 1-0

[Event "AUT-ch U14"]
[Site "St Veit"]
[Date "2023.06.08"]
[Round "2"]
[White "Prober, Raphael"]
[Black "Martinovic, David"]
[Result "1-0"]
[WhiteElo "1144"]
[BlackElo "1853"]
[PlyCount "65"]
[EventDate "2023.06.08"]
[EventType "swiss"]
[EventRounds "7"]
[EventCountry "AUT"]
[SourceTitle "EXT 2024"]
[Source "ChessBase"]
[SourceDate "2023.10.10"]
[SourceVersion "1"]
[SourceVersionDate "2023.10.10"]
[SourceQuality "1"]

1. e4 e5 2. Nf3 Nc6 3. Bc4 Bc5 4. c3 Nf6 5. d4 exd4 6. cxd4 Bb4+ 7. Nc3 Nxe4 8. 0-0 Bxc3 9. d5 Ne7 10. bxc3 Nd6 11. Bd3 h6 12. c4 0-0 13. Bc2 f5 14. c5 Ne4 15. d6 cxd6 16. cxd6 Nc6 17. Bxe4 fxe4 18. Qd5+ Rf7 19. Qxe4 Qf6 20. Ba3 b6 21. Rfe1 Bb7 22. Qg4 Raf8 23. Rab1 Ne5 24. Rxe5 Bxf3 25. Qg3 Bc6 26. Re2 Qf5 27. Rbe1 Qa5 28. Bb2 Qd5 29. Re7 Qd2 30. Bxg7 Qxf2+ 31. Qxf2 Rxf2 32. Bxf8 Rxg2+ 33. Kf1 1-0

[Event "AUT-ch U16"]
[Site "St Veit"]
[Date "2023.04.05"]
[Round "6"]
[White "Kuti, Oliver"]
[Black "Martinovic, David"]
[Result "0-1"]
[WhiteElo "2012"]
[BlackElo "1623"]
[PlyCount "64"]
[EventDate "2023.04.02"]
[EventType "swiss"]
[EventRounds "7"]
[EventCountry "AUT"]
[SourceTitle "EXT 2024"]
[Source "ChessBase"]
[SourceDate "2023.10.10"]
[SourceVersion "1"]
[SourceVersionDate "2023.10.10"]
[SourceQuality "1"]

1. e4 e6 2. d4 d5 3. e5 c5 4. c3 Nc6 5. Nf3 Bd7 6. Be2 Nge7 7. Na3 cxd4 8. cxd4 Nf5 9. Nc2 Qb6 10. 0-0 Na5 11. g4 Ne7 12. Nfe1 Bb5 13. Nd3 h5 14. gxh5 Nf5 15. Be3 Nc6 16. Kh1 0-0-0 17. a4 Bc4 18. b4 Bxd3 19. Bxd3 Bxb4 20. Nxb4 Qxb4 21. a5 Nfxd4 22. Ra4 Qc3 23. Qb1 Nf3 24. a6 b6 25. Qb5 Rxh5 26. h4 Nfd4 27. Qb1 Rxh4+ 28. Kg2 Rdh8 29. Bxd4 Nxd4 30. f3 Qd2+ 31. Rf2 Rh2+ 32. Kg3 Qg5# 0-1

[Event "AUT-ch U16"]
[Site "St Veit"]
[Date "2023.04.02"]
[Round "2"]
[White "Martinovic, David"]
[Black "Ganbat, Gan Erdene"]
[Result "1-0"]
[WhiteElo "1623"]
[BlackElo "1410"]
[PlyCount "41"]
[EventDate "2023.04.02"]
[EventType "swiss"]
[EventRounds "7"]
[EventCountry "AUT"]
[SourceTitle "EXT 2024"]
[Source "ChessBase"]
[SourceDate "2023.10.10"]
[SourceVersion "1"]
[SourceVersionDate "2023.10.10"]
[SourceQuality "1"]

1. e4 e5 2. Nf3 Nc6 3. Bc4 Bc5 4. c3 Nf6 5. d3 h6 6. a4 a5 7. Nbd2 d6 8. 0-0 0-0 9. Re1 Bg4 10. h3 Bh5 11. Nf1 Bxf3 12. Qxf3 Ne7 13. Bxh6 Ng6 14. Bg5 Qe7 15. Ng3 Nf4 16. Bxf4 exf4 17. Qxf4 Rae8 18. d4 Bb6 19. Nf5 Qd8 20. Qg5 g6 21. Qxg6+ 1-0

[Event "EU Union-ch U12 19th"]
[Site "Mureck"]
[Date "2022.08.10"]
[Round "8"]
[White "Timagina, Sofia"]
[Black "Martinovic, David"]
[Result "0-1"]
[WhiteElo "1368"]
[BlackElo "1325"]
[PlyCount "102"]
[EventDate "2022.08.03"]
[EventType "swiss"]
[EventRounds "9"]
[EventCountry "AUT"]
[SourceTitle "EXT 2023"]
[Source "ChessBase"]
[SourceDate "2022.10.05"]
[SourceVersion "1"]
[SourceVersionDate "2022.10.05"]
[SourceQuality "1"]

1. e4 e5 2. Nf3 Nc6 3. Bc4 Bc5 4. d3 d6 5. c3 a6 6. Bb3 Nf6 7. 0-0 h6 8. d4 Ba7 9. dxe5 Nxe5 10. Nxe5 dxe5 11. Qxd8+ Kxd8 12. Bxf7 Rf8 13. Bg6 Ng4 14. Rd1+ Ke7 15. Kf1 Nxf2 16. Rd5 Be6 17. Ke2 Bxd5 18. exd5 Ng4 19. b3 Rf2+ 20. Kd3 Rxg2 21. Bh5 Rd8 22. Bxg4 Rxg4 23. Ba3+ Ke8 24. c4 e4+ 25. Ke2 Bd4 26. h3 Rg3 27. h4 Bxa1 28. Nd2 Rg2+ 29. Ke3 Bd4+ 30. Kxd4 Rxd2+ 31. Kxe4 Rxa2 32. Bc5 Rb2 33. Bd4 Rxb3 34. Bxg7 Rd6 35. Be5 Rh3 36. Bxd6 cxd6 37. Kf5 Rxh4 38. c5 dxc5 39. Ke6 Rd4 40. d6 c4 41. Ke5 Rd1 42. Ke6 c3 43. Ke5 c2 44. d7+ Rxd7 45. Ke4 c1Q 46. Kf5 Rd6 47. Ke4 Qc5 48. Kf4 Rd4+ 49. Ke3 Qc3+ 50. Ke2 Rd2+ 51. Ke1 Qc1# 0-1

[Event "EU Union-ch U12 19th"]
[Site "Mureck"]
[Date "2022.08.05"]
[Round "3"]
[White "Frydel, Marcel Karol"]
[Black "Martinovic, David"]
[Result "1/2-1/2"]
[WhiteElo "1271"]
[BlackElo "1325"]
[PlyCount "83"]
[EventDate "2022.08.03"]
[EventType "swiss"]
[EventRounds "9"]
[EventCountry "AUT"]
[SourceTitle "EXT 2023"]
[Source "ChessBase"]
[SourceDate "2022.10.05"]
[SourceVersion "1"]
[SourceVersionDate "2022.10.05"]
[SourceQuality "1"]

1. e4 c5 2. d4 cxd4 3. c3 d5 4. Qxd4 dxe4 5. Qxd8+ Kxd8 6. Bc4 e6 7. Bf4 Bc5 8. Nd2 Nf6 9. 0-0-0 Ke7 10. Nh3 Bd7 11. Nb3 Bb6 12. Bd6+ Ke8 13. Rhe1 Nc6 14. Nc5 Bxc5 15. Bxc5 Ne5 16. Bf1 Bc6 17. Rd2 Ned7 18. Bd6 Nb6 19. Red1 Rd8 20. g3 Nc8 21. Bc5 Rxd2 22. Rxd2 Nd7 23. Bb4 h6 24. Nf4 Kd8 25. Nh5 g6 26. Nf6 Kc7 27. Nxd7 Bxd7 28. Bg2 Bc6 29. Rd4 Rd8 30. Bc5 Rd5 31. Bf8 Rxd4 32. cxd4 h5 33. Kc2 Bd5 34. b3 Nd6 35. Bf1 Nf5 36. Kc3 a6 37. Bh3 Nd6 38. Bf1 g5 39. Bh6 g4 40. Bf4 Kc6 41. Bg5 Nf5 42. Bf4 1/2-1/2

[Event "Fuerstenfeld U18 op 5th"]
[Site "Fuerstenfeld"]
[Date "2022.07.24"]
[Round "6"]
[White "Martinovic, David"]
[Black "Ollhoff, Hannes"]
[Result "1/2-1/2"]
[WhiteElo "1408"]
[BlackElo "1243"]
[PlyCount "119"]
[EventDate "2022.07.21"]
[EventType "swiss"]
[EventRounds "7"]
[EventCountry "AUT"]
[SourceTitle "CBM 209 Extra"]
[Source "ChessBase"]
[SourceDate "2022.09.30"]
[SourceVersion "1"]
[SourceVersionDate "2022.09.30"]
[SourceQuality "1"]

1. e4 e6 2. d4 d5 3. Nd2 dxe4 4. Nxe4 Bd7 5. Nf3 Bc6 6. Ng3 Nd7 7. c3 Ngf6 8. Be2 Be7 9. Bf4 Nd5 10. Be3 0-0 11. Qd2 Nxe3 12. Qxe3 Bxf3 13. Qxf3 c6 14. 0-0 Nf6 15. Ne4 Qd5 16. Bd3 Nxe4 17. Bxe4 Qb5 18. Rab1 Rad8 19. Rfe1 Rfe8 20. b3 Qa5 21. Re2 Bf6 22. g3 Re7 23. Rc1 Qg5 24. Rce1 Rde8 25. Kg2 h6 26. a4 Qa5 27. h3 Rd8 28. Rc1 Qg5 29. Rcc2 Qa5 30. Kh2 Kh8 31. Red2 Kg8 32. h4 Red7 33. Re2 Re7 34. Kg2 Kh8 35. Re1 Bxd4 36. b4 Qxa4 37. cxd4 Qxb4 38. Rc3 Rxd4 39. Rd3 Red7 40. Red1 Kg8 41. Rxd4 Rxd4 42. Rxd4 Qxd4 43. Qe3 Qxe3 44. fxe3 Kf8 45. Kf3 a5 46. Ke2 Ke7 47. Kd2 Kd6 48. Kc3 b5 49. Kb3 f6 50. h5 e5 51. g4 Kc7 52. Ka3 Kb6 53. Kb3 c5 54. Bd5 c4+ 55. Ka3 Kc5 56. Be6 c3 57. Bb3 Kb6 58. Bc2 Kc5 59. Kb3 b4 60. Be4 1/2-1/2

[Event "Fuerstenfeld U18 op 5th"]
[Site "Fuerstenfeld"]
[Date "2022.07.24"]
[Round "7"]
[White "Poetscher, Katharina"]
[Black "Martinovic, David"]
[Result "1-0"]
[WhiteElo "1061"]
[BlackElo "1408"]
[PlyCount "102"]
[EventDate "2022.07.21"]
[EventType "swiss"]
[EventRounds "7"]
[EventCountry "AUT"]
[SourceTitle "CBM 209 Extra"]
[Source "ChessBase"]
[SourceDate "2022.09.30"]
[SourceVersion "1"]
[SourceVersionDate "2022.09.30"]
[SourceQuality "1"]

1. e4 e5 2. Nf3 Nc6 3. Bb5 a6 4. Ba4 d6 5. c3 Nf6 6. d3 Be7 7. Be3 h6 8. Nbd2 b5 9. Bc2 Bb7 10. d4 0-0 11. 0-0 Rc8 12. Re1 Nd7 13. Nf1 Nb6 14. b3 exd4 15. cxd4 d5 16. e5 Bg5 17. Qd3 g6 18. e6 Qf6 19. exf7+ Kxf7 20. Bxg5 hxg5 21. Re3 Rce8 22. Rae1 Rxe3 23. Nxe3 Kg7 24. Re2 Nb4 25. Qc3 Nxc2 26. Qxc7+ Rf7 27. Qxc2 Nd7 28. Ng4 Qf5 29. Nge5 g4 30. Nxf7 gxf3 31. Qxf5 fxe2 32. Qb1 Kxf7 33. Qe1 Nf8 34. Qxe2 Ne6 35. Qe5 Ke7 36. f4 Kd7 37. f5 gxf5 38. Qxf5 Kd6 39. Qe5+ Kd7 40. g4 a5 41. g5 a4 42. b4 Bc8 43. g6 Ke7 44. h4 Bd7 45. h5 Be8 46. g7 Bf7 47. h6 Bg8 48. Qxd5 Kf7 49. Qf5+ Ke7 50. h7 Nxg7 51. Qe5+ Kf7 1-0

[Event "AUT-ch U12"]
[Site "St Veit"]
[Date "2022.04.12"]
[Round "5"]
[White "Dotzer, Lukas"]
[Black "Martinovic, David"]
[Result "1-0"]
[WhiteElo "2139"]
[BlackElo "1386"]
[PlyCount "51"]
[EventDate "2022.04.10"]
[EventType "swiss"]
[EventRounds "7"]
[EventCountry "AUT"]
[SourceTitle "EXT 2023"]
[Source "ChessBase"]
[SourceDate "2022.10.05"]
[SourceVersion "1"]
[SourceVersionDate "2022.10.05"]
[SourceQuality "1"]

1. e4 e5 2. Nf3 Nc6 3. Bc4 Bc5 4. 0-0 Nf6 5. d3 0-0 6. c3 a6 7. d4 exd4 8. cxd4 Ba7 9. d5 Na5 10. Bd3 b5 11. e5 Nxd5 12. Bxh7+ Kxh7 13. Ng5+ Kg6 14. Qxd5 Nc6 15. Qe4+ f5 16. exf6+ Kxf6 17. Nh7+ Kf7 18. Bg5 Qe8 19. Qf5+ Kg8 20. Qxf8+ Qxf8 21. Nxf8 Kxf8 22. Nc3 Nd4 23. Rad1 c5 24. Be3 Kf7 25. Bxd4 cxd4 26. Ne2 1-0

[Event "Steyr Landesliga 2122"]
[Site "Austria"]
[Date "2021.11.13"]
[Round "2.8"]
[White "Vu Tran, Tue Anh"]
[Black "Martinovic, David"]
[Result "1-0"]
[WhiteElo "1440"]
[BlackElo "1330"]
[PlyCount "55"]
[EventDate "2021.10.16"]
[EventType "team-tourn"]
[EventRounds "11"]
[EventCountry "AUT"]
[SourceTitle "EXT 2023"]
[Source "ChessBase"]
[SourceDate "2022.10.05"]
[SourceVersion "1"]
[SourceVersionDate "2022.10.05"]
[SourceQuality "1"]
[WhiteTeam "Graz Styria"]
[BlackTeam "Graz Schachgesellschaft"]
[WhiteTeamCountry "AUT"]
[BlackTeamCountry "AUT"]

1. d4 d5 2. c4 c6 3. Nf3 dxc4 4. a4 b5 5. axb5 cxb5 6. Nc3 b4 7. Qa4+ Qd7 8. Qxb4 e6 9. Qxc4 Nc6 10. e4 Nf6 11. Bf4 Bb4 12. Qd3 0-0 13. Be2 a5 14. Rd1 Rd8 15. 0-0 Ba6 16. Qc2 Qa7 17. Bxa6 Qxa6 18. e5 Bxc3 19. Qxc3 Nd5 20. Qd2 Qb6 21. Bh6 gxh6 22. Qxh6 f6 23. exf6 Rd7 24. Ng5 Nd8 25. Rd3 Qd6 26. Rg3 Kh8 27. f7 Qf8 28. Qxf8# 1-0

[Event "AUT-ch U12"]
[Site "St Veit"]
[Date "2021.10.25"]
[Round "1.10"]
[White "Martinovic, David"]
[Black "Unger, Alexander"]
[Result "1-0"]
[WhiteElo "1330"]
[BlackElo "1043"]
[PlyCount "51"]
[EventDate "2021.10.25"]
[EventType "swiss"]
[EventRounds "5"]
[EventCountry "AUT"]
[SourceTitle "EXT 2023"]
[Source "ChessBase"]
[SourceDate "2022.10.05"]
[SourceVersion "1"]
[SourceVersionDate "2022.10.05"]
[SourceQuality "1"]

1. e4 c5 2. Nf3 d6 3. d4 cxd4 4. Nxd4 Nf6 5. Nc3 a6 6. Be3 e6 7. Be2 Be7 8. Qd2 0-0 9. f3 Qc7 10. g4 b5 11. h4 Rd8 12. h5 Bf8 13. g5 Nfd7 14. g6 Nc5 15. gxh7+ Kxh7 16. h6 g6 17. Rd1 Bb7 18. Bg5 Be7 19. Ndxb5 axb5 20. Nxb5 Qd7 21. Nxd6 Bxg5 22. Qxg5 Qc7 23. Qf6 Nd3+ 24. cxd3 Rg8 25. Nxf7 Nd7 26. Ng5# 1-0

[Event "AUT-chT2M 2122"]
[Site "Austria"]
[Date "2021.10.24"]
[Round "6.6"]
[White "Humer, Wolfgang"]
[Black "Martinovic, David"]
[Result "1-0"]
[WhiteElo "2161"]
[BlackElo "1330"]
[PlyCount "93"]
[EventDate "2021.10.01"]
[EventType "team-tourn"]
[EventRounds "11"]
[EventCountry "AUT"]
[SourceTitle "EXT 2023"]
[Source "ChessBase"]
[SourceDate "2022.10.05"]
[SourceVersion "1"]
[SourceVersionDate "2022.10.05"]
[SourceQuality "1"]
[WhiteTeam "Linz ASV"]
[BlackTeam "Graz Schachgesellschaft"]
[WhiteTeamCountry "AUT"]
[BlackTeamCountry "AUT"]

1. Nf3 d5 2. c4 e6 3. g3 Nf6 4. Bg2 c5 5. 0-0 Be7 6. cxd5 exd5 7. d4 b6 8. Nc3 0-0 9. dxc5 bxc5 10. Bg5 Be6 11. Rc1 h6 12. Bxf6 Bxf6 13. Qa4 Nd7 14. Rfd1 Nb6 15. Qb5 Qe7 16. e4 Bd7 17. Qe2 Bxc3 18. Rxc3 dxe4 19. Nd2 f5 20. f3 Nd5 21. Ra3 exf3 22. Qxf3 Bc6 23. Nf1 Rad8 24. Qb3 Qf7 25. Qc4 Ne7 26. Qxf7+ Kxf7 27. Rxd8 Rxd8 28. Rxa7 Bxg2 29. Kxg2 Rd6 30. Kf3 g6 31. Ke2 Kf6 32. Ne3 Re6 33. Kd2 g5 34. Ng2 Nd5 35. Ra5 f4 36. gxf4 gxf4 37. Ne1 Nb4 38. a3 Rd6+ 39. Ke2 f3+ 40. Nxf3 Nd3 41. Rb5 c4 42. Ke3 Kg6 43. Ke4 Kf6 44. a4 Nf2+ 45. Ke3 Nd3 46. Nd2 Nxb2 47. Ne4+ 1-0

[Event "EU Union-ch U12 18th"]
[Site "Mureck"]
[Date "2021.08.11"]
[Round "8"]
[White "Aschenbrenner, Philip"]
[Black "Martinovic, David"]
[Result "0-1"]
[WhiteElo "1443"]
[BlackElo "1302"]
[PlyCount "92"]
[EventDate "2021.08.04"]
[EventType "swiss"]
[EventRounds "9"]
[EventCountry "AUT"]
[SourceTitle "EXT 2022"]
[Source "ChessBase"]
[SourceDate "2021.10.06"]
[SourceVersion "1"]
[SourceVersionDate "2021.10.06"]
[SourceQuality "1"]

1. e4 e5 2. Bc4 Nf6 3. d3 c6 4. Nf3 d5 5. Bb3 Bd6 6. Nc3 d4 7. Ne2 h6 8. 0-0 0-0 9. Ng3 Be6 10. Nh4 Bc7 11. Nhf5 Nbd7 12. f4 Re8 13. Bd2 a6 14. fxe5 Nxe5 15. Ne2 c5 16. h3 b5 17. Qe1 Bb6 18. Kh1 Bd7 19. Qg3 Nh5 20. Qf2 c4 21. dxc4 d3 22. Ned4 Bxf5 23. Be3 Bxe4 24. cxb5 Qd7 25. Kh2 dxc2 26. Rac1 Bc7 27. Kg1 Bg6 28. Bxc2 Bxc2 29. Rxc2 axb5 30. Nxb5 Bb8 31. Nc3 Nd3 32. Qf3 Ra5 33. Rd1 Rxe3 34. Qg4 Qxg4 35. hxg4 Nf6 36. Rcd2 Re1+ 37. Rxe1 Nxe1 38. Rd8+ Kh7 39. Rxb8 Nxg4 40. Rd8 Nc2 41. Rd7 Kg6 42. a4 Re5 43. g3 Re1+ 44. Kg2 Nce3+ 45. Kf3 Ne5+ 46. Ke4 Nxd7 0-1

[Event "EU Union-ch U12 18th"]
[Site "Mureck"]
[Date "2021.08.05"]
[Round "2"]
[White "Haselsberger, Armin"]
[Black "Martinovic, David"]
[Result "1-0"]
[WhiteElo "1536"]
[BlackElo "1302"]
[PlyCount "39"]
[EventDate "2021.08.04"]
[EventType "swiss"]
[EventRounds "9"]
[EventCountry "AUT"]
[SourceTitle "EXT 2022"]
[Source "ChessBase"]
[SourceDate "2021.10.06"]
[SourceVersion "1"]
[SourceVersionDate "2021.10.06"]
[SourceQuality "1"]

1. d4 d5 2. Bf4 Nf6 3. e3 c5 4. c3 Nc6 5. Nd2 e6 6. Ngf3 Be7 7. Bd3 0-0 8. h3 a6 9. 0-0 h6 10. Qe2 Re8 11. Rad1 b5 12. e4 dxe4 13. Nxe4 Nd5 14. Be3 c4 15. Bb1 Bb7 16. Qd2 Nf6 17. Bxh6 gxh6 18. Qxh6 Nxe4 19. Bxe4 Bf6 20. Bh7+ 1-0

[Event "AUT-ch U10 Online Rapid"]
[Site "Playchess.com INT"]
[Date "2020.12.13"]
[Round "7"]
[White "Martinovic, David"]
[Black "Gruenwald, Beat"]
[Result "1-0"]
[WhiteElo "1677"]
[BlackElo "1330"]
[PlyCount "113"]
[EventDate "2020.12.13"]
[EventType "swiss (rapid)"]
[EventRounds "7"]
[EventCountry "AUT"]
[SourceTitle "EXT 2022"]
[Source "ChessBase"]
[SourceDate "2021.10.06"]
[SourceVersion "1"]
[SourceVersionDate "2021.10.06"]
[SourceQuality "1"]

1. e4 e6 2. d4 d5 3. exd5 exd5 4. Nf3 Nf6 5. Bd3 Bg4 6. Bf4 Bd6 7. Bxd6 Qxd6 8. Qe2+ Qe6 9. Qxe6+ Bxe6 10. Nbd2 0-0 11. c3 Nc6 12. 0-0-0 Rfe8 13. h3 Ne4 14. Bxe4 dxe4 15. Nxe4 Bxa2 16. Nc5 b6 17. Nd3 Be6 18. Nfe5 Nxe5 19. Nxe5 Rad8 20. f4 Rd6 21. g4 f6 22. Nd3 Bd5 23. Rhe1 Rxe1 24. Rxe1 Re6 25. Rxe6 Bxe6 26. Kd2 Kf7 27. Ke3 g5 28. f5 Bd7 29. Ke4 Bb5 30. Nf2 Ke7 31. Kd5 c6+ 32. Ke4 Kd6 33. b3 a5 34. c4 Ba6 35. Kd3 b5 36. Kc3 bxc4 37. bxc4 c5 38. dxc5+ Kxc5 39. Ne4+ Kc6 40. Nxf6 Kc5 41. Nxh7 Bxc4 42. Nxg5 a4 43. h4 a3 44. h5 a2 45. Kb2 Be2 46. h6 Bxg4 47. h7 Bxf5 48. h8Q Bd3 49. Kxa2 Kc4 50. Nf3 Be2 51. Qd4+ Kb5 52. Ne5 Bc4+ 53. Qxc4+ Ka5 54. Qb3 Ka6 55. Nd7 Ka5 56. Ka3 Ka6 57. Qb6# 1-0

[Event "AUT-ch U10 Online Rapid"]
[Site "Playchess.com INT"]
[Date "2020.12.13"]
[Round "5"]
[White "Martinovic, David"]
[Black "Raber, Eduard"]
[Result "0-1"]
[WhiteElo "1682"]
[BlackElo "1735"]
[PlyCount "100"]
[EventDate "2020.12.13"]
[EventType "swiss (rapid)"]
[EventRounds "7"]
[EventCountry "AUT"]
[SourceTitle "EXT 2022"]
[Source "ChessBase"]
[SourceDate "2021.10.06"]
[SourceVersion "1"]
[SourceVersionDate "2021.10.06"]
[SourceQuality "1"]

1. e4 e5 2. Nf3 Nf6 3. Nc3 Nc6 4. d4 exd4 5. Nxd4 Nxd4 6. Qxd4 d6 7. Bc4 Be7 8. 0-0 0-0 9. h3 Be6 10. Bb3 Re8 11. Bg5 h6 12. Bh4 Bxb3 13. axb3 c6 14. Rfe1 Nd7 15. Bg3 Qc7 16. Rxa7 c5 17. Qa4 Nb6 18. Qa5 Rxa7 19. Qb5 Rea8 20. Kh2 Qc6 21. Qd3 c4 22. bxc4 Qxc4 23. Qe3 Na4 24. Nd5 Bg5 25. f4 Bd8 26. Qa3 Qc5 27. Qb3 Bb6 28. Rf1 Qd4 29. Bf2 Qxb2 30. Qxb2 Nxb2 31. Nxb6 Ra1 32. Be1 Re8 33. Kg1 Rxe4 34. Bc3 Rxf1+ 35. Kxf1 Nc4 36. Nd5 Ne3+ 37. Kf2 Nxd5 38. Bb2 Rc4 39. c3 Nxc3 40. Bc1 Ne4+ 41. Kf3 Rxc1 42. Kxe4 b5 43. g4 b4 44. Kf5 b3 45. g5 b2 46. Kg4 b1R 47. Kh4 hxg5+ 48. fxg5 Rc4+ 49. Kh5 Rb3 50. g6 Rb5# 0-1

[Event "AUT-chT District U18 Online Rapid"]
[Site "Playchess.com INT"]
[Date "2020.12.12"]
[Round "7"]
[White "Martinovic, David"]
[Black "Weixler, Moritz"]
[Result "1/2-1/2"]
[WhiteElo "1692"]
[BlackElo "1586"]
[PlyCount "97"]
[EventDate "2020.12.12"]
[EventType "team-swiss (rapid)"]
[EventRounds "9"]
[EventCountry "AUT"]
[SourceTitle "EXT 2022"]
[Source "ChessBase"]
[SourceDate "2021.10.06"]
[SourceVersion "1"]
[SourceVersionDate "2021.10.06"]
[SourceQuality "1"]

1. e4 c6 2. d4 d6 3. c4 Nd7 4. Nc3 Qc7 5. Nf3 e5 6. d5 Ngf6 7. Bg5 Be7 8. Be2 Nf8 9. Qd2 Ng6 10. 0-0 0-0 11. Rad1 h6 12. Bh4 Nxh4 13. Nxh4 Rd8 14. f4 Nxe4 15. Nxe4 Bxh4 16. fxe5 dxe5 17. d6 Qb6+ 18. c5 Bg5 19. Qxg5 hxg5 20. cxb6 axb6 21. a3 f6 22. Bc4+ Kh8 23. Ng3 Bg4 24. Rd2 Rd7 25. Nf5 Rad8 26. Be6 Bxf5 27. Bxd7 Bxd7 28. b4 b5 29. Kf2 Kg8 30. Kg3 Kf7 31. h4 gxh4+ 32. Kxh4 Bf5 33. Rxf5 Ke6 34. Rh5 Rxd6 35. Rxd6+ Kxd6 36. Kg4 Ke6 37. Rh7 Kf7 38. Kf5 b6 39. g4 c5 40. g5 c4 41. gxf6 c3 42. Rxg7+ Kf8 43. Rg2 Kf7 44. Kxe5 c2 45. Rxc2 Kg6 46. Ke6 Kg5 47. f7 Kg6 48. f8Q Kh7 49. Rg2 1/2-1/2

[Event "AUT-ch U10 Online Blitz"]
[Site "Playchess.com INT"]
[Date "2020.12.11"]
[Round "2"]
[White "Martinovic, David"]
[Black "Depaoli Hauser, Noel Elijah"]
[Result "1-0"]
[WhiteElo "1591"]
[BlackElo "1604"]
[PlyCount "95"]
[EventDate "2020.12.11"]
[EventType "swiss (blitz)"]
[EventRounds "7"]
[EventCountry "AUT"]
[SourceTitle "EXT 2022"]
[Source "ChessBase"]
[SourceDate "2021.10.06"]
[SourceVersion "1"]
[SourceVersionDate "2021.10.06"]
[SourceQuality "1"]

1. e4 e5 2. Nf3 Nc6 3. d4 exd4 4. Nxd4 Bc5 5. Be3 d6 6. Nxc6 bxc6 7. Bxc5 dxc5 8. Qxd8+ Kxd8 9. Bc4 Be6 10. Bxe6 fxe6 11. 0-0 Ke7 12. Nc3 Nf6 13. Rad1 g5 14. h3 h5 15. e5 Nd5 16. Ne4 g4 17. Nxc5 gxh3 18. gxh3 Rhg8+ 19. Kh2 Nf4 20. Rg1 Nd5 21. Rxg8 Rxg8 22. Rg1 Rf8 23. Rg7+ Ke8 24. Kg2 Nf4+ 25. Kg3 Nd5 26. Nxe6 a6 27. Nxf8 Kxf8 28. Rh7 Ke8 29. Rxh5 Ne7 30. Rg5 Kd7 31. h4 Ke6 32. h5 Nf5+ 33. Rxf5 Kxf5 34. f4 Ke6 35. Kg4 Kf7 36. Kg5 Ke7 37. Kg6 Kd7 38. h6 Kc8 39. h7 Kb7 40. h8Q Kb6 41. Qb8+ Kc5 42. f5 Kd5 43. f6 Kc5 44. f7 Kd4 45. f8Q Ke4 46. Qbb4+ Kd5 47. Qd8+ Ke6 48. Qbe7# 1-0

[Event "AUT-ch U10 Online Blitz"]
[Site "Playchess.com INT"]
[Date "2020.12.11"]
[Round "6"]
[White "Martinovic, David"]
[Black "Raber, Eduard"]
[Result "0-1"]
[WhiteElo "1591"]
[BlackElo "1739"]
[PlyCount "96"]
[EventDate "2020.12.11"]
[EventType "swiss (blitz)"]
[EventRounds "7"]
[EventCountry "AUT"]
[SourceTitle "EXT 2022"]
[Source "ChessBase"]
[SourceDate "2021.10.06"]
[SourceVersion "1"]
[SourceVersionDate "2021.10.06"]
[SourceQuality "1"]

1. e4 e5 2. Nf3 Nc6 3. d4 exd4 4. Nxd4 Nxd4 5. Qxd4 d6 6. Nc3 Nf6 7. Bc4 Be7 8. 0-0 0-0 9. Be3 Be6 10. Bb3 Re8 11. Rfe1 Rc8 12. Qxa7 b6 13. Qa4 c5 14. a3 c4 15. Ba2 Ra8 16. Qb5 d5 17. Qxb6 dxe4 18. Rad1 Qxb6 19. Bxb6 Rab8 20. Bd4 Bg4 21. Rd2 Rxb2 22. Bxc4 Bxa3 23. Nxe4 Rxe4 24. Rxe4 Nxe4 25. Bxb2 Nxd2 26. f3 Bc5+ 27. Kh1 Nxc4 28. Bxg7 Kxg7 29. fxg4 Kg6 30. h3 Kg5 31. Kh2 Bd6+ 32. g3 Ne3 33. Kg1 Bxg3 34. Kh1 Nxc2 35. h4+ Kxh4 36. g5 Kxg5 37. Kg2 Kg4 38. Kg1 f5 39. Kg2 f4 40. Kg1 h5 41. Kg2 h4 42. Kg1 h3 43. Kh1 f3 44. Kg1 Bf2+ 45. Kh1 Be3 46. Kh2 f2 47. Kh1 f1Q+ 48. Kh2 Qg2# 0-1